01181nam a22002897a 4500003000400000005001700004008004100021040002200062082001800084100002500102245003000127260006000157300002100217366000800238490002900246505007400275505015300349505001200502650005500514650004700569650004800616650004300664650004500707650005600752650004700808700003600855OSt20230616110544.0221006b |||||||| |||| 00| 0 eng d cBiblioteca Lado V a709.05bG851a aGriffin, Timeeditor aArtforum/bInternacional/ aNew Yorkc2014bNew York editorial and business offices c26.5x27cma306p. eeng aOctubrev2014x0864-1315 tCOLUMNSaPassages Books Film Architecture On Site Slant Top Ten tFEATURESaPortfolio Minor Threat 1000 Words Soft Touch Code Breaker Declaration on Digital Capitalim Too Good to be True Openings: Alex Olson tREVIEWS 2Tesauro de Arte & ArquitecturaaARTE COMTEMPORANEO 2Tesauro de Arte & ArquitecturaaFOTOGRAFIA 2Tesauro de Arte & ArquitecturaaARTE VISUAL 2Tesauro de Arte & ArquitecturaaLIBROS 2Tesauro de Arte & ArquitecturaaNOTICIAS 2 Tesauro de Arte & ArquitecturaaARTE INTERNACIONAL 2 Tesauro de Arte & ArquitecturaaESCULTURA aNavarreta, Jose Antonioeeditor